Ч . 5 : Введение в экономику и управление на предприятии; Нефтегазовое дело. Книга для студентов

Bibliografische gegevens
Parent link:Нефтегазовое дело. Книга для студентов=Petroleum Engineering. Course book: учебное пособие; Национальный исследовательский Томский политехнический университет (ТПУ), Институт природных ресурсов (ИПР), Кафедра иностранных языков (ИЯПР). Ч . 5 : Введение в экономику и управление на предприятии.— 2-е изд., испр. и доп..— , 2015
Andere auteurs: Болсуновская Л. М. Людмила Михайловна (составитель), Шендерова И. В. Инна Владимировна, Найдина Д. С. Дарья Сергеевна
Samenvatting:Заглавие с титульного экрана
Электронная версия печатной публикации
Текст на английском языке
Режим доступа: из корпоративной сети ТПУ
Taal:Engels
Gepubliceerd in: 2015
Onderwerpen:
Online toegang:http://www.lib.tpu.ru/fulltext2/m/2015/m254.pdf
Formaat: MixedMaterials Elektronisch Boek
KOHA link:https://koha.lib.tpu.ru/cgi-bin/koha/opac-detail.pl?biblionumber=301828

MARC

LEADER 00000nlm2a2200000 4500
001 301828
005 20240117161319.0
035 |a (RuTPU)RU\TPU\book\327005 
090 |a 301828 
100 |a 20150814d2015 m y0rusy50 ca 
101 0 |a eng 
102 |a RU 
105 |a a j 001zy 
135 |a drcn ---uucaa 
200 0 |a Ч . 5 : Введение в экономику и управление на предприятии  |d P . 5 : Introduction to economics and management  |f сост. Л. М. Болсуновская ; И. В. Шендерова ; Д. С. Найдина 
210 |d 2015 
300 |a Заглавие с титульного экрана 
300 |a Электронная версия печатной публикации 
300 |a Текст на английском языке 
333 |a Режим доступа: из корпоративной сети ТПУ 
337 |a Adobe Reader 
461 1 |0 (RuTPU)RU\TPU\book\326992  |t Нефтегазовое дело. Книга для студентов  |l Petroleum Engineering. Course book  |o учебное пособие  |o в 8 ч.  |g Национальный исследовательский Томский политехнический университет (ТПУ), Институт природных ресурсов (ИПР), Кафедра иностранных языков (ИЯПР)   |v Ч . 5 : Введение в экономику и управление на предприятии  |e 2-е изд., испр. и доп.  |d 2015 
510 1 |a P . 5 : Introduction to economics and management  |z eng 
606 1 |a Английский язык  |x Учебные руководства и пособия  |x Учебные руководства и пособия для высшей школы  |2 stltpush  |3 (RuTPU)RU\TPU\subj\29071  |9 52483 
610 1 |a электронный ресурс 
610 1 |a труды учёных ТПУ 
610 1 |a учебные пособия 
610 1 |a нефтегазовое дело 
610 1 |a профессиональное общение 
610 1 |a профессиональный английский язык 
610 1 |a профессиональный иностранный язык 
610 1 |a самостоятельные работы 
610 1 |a грамматические навыки 
610 1 |a умения 
610 1 |a чтение 
610 1 |a говорение 
610 1 |a аудирование 
610 1 |a нефтегазовое дело 
610 1 |a геофизика 
610 1 |a бурение 
610 1 |a трубопроводы 
610 1 |a геоэкология 
686 |a Ш143.21-923  |2 rubbk 
702 1 |a Болсуновская  |b Л. М.  |c лингвист  |c доцент Томского политехнического университета, кандидат филологических наук  |f 1966-  |g Людмила Михайловна  |3 (RuTPU)RU\TPU\pers\26830  |4 220  |9 12449 
702 1 |a Шендерова  |b И. В.  |c лингвист  |c старший преподаватель Томского политехнического университета  |f 1978-  |g Инна Владимировна  |3 (RuTPU)RU\TPU\pers\27079  |4 220 
702 1 |a Найдина  |b Д. С.  |c лингвист  |c доцент Томского политехнического университета, кандидат филологических наук  |f 1986-  |g Дарья Сергеевна  |3 (RuTPU)RU\TPU\pers\34131  |4 220 
801 2 |a RU  |b 63413507  |c 20161025  |g RCR 
856 4 |u http://www.lib.tpu.ru/fulltext2/m/2015/m254.pdf 
942 |c CF